000 00603nam a2200181 a 4500
001 000036505
005 20200930075752.0
008 120119s1969 sp ad 001 0 spa d
040 _aDO-SdBNP
_bspa
_cBNPHU
082 _axxx
_bS315f
100 1 _aScheer, Bradley T.
_962747
245 1 0 _aFisiología animal /
_cBradley T. Scheer ; traducido por Juan Puigdefábregas Tomas.
260 _aBarcelona :
_bEdiciones Omega,
_c1969.
300 _a435 p. :
_bil., diagrs. ;
_c24 cm.
500 _aIncluye índice alfabético.
534 _aAnimal physiology
700 1 _aPuigdefábregas Tomas, Juan,
_etr.
_962748
999 _c35996
_d35996